|
|
|
|
| LEADER |
01581cas a2200241 a 4500 |
| 001 |
AALejournalIMF010034 |
| 008 |
230101c9999 xx r poo 0 0eng d |
| 020 |
|
|
|c 5.00 USD
|
| 020 |
|
|
|z 9781451959680
|
| 022 |
|
|
|a 1018-5941
|
| 040 |
|
|
|a BD-DhAAL
|c BD-DhAAL
|
| 110 |
2 |
|
|a International Monetary Fund.
|
| 245 |
1 |
0 |
|a Debt Growth and the Prospects for Debt Reduction;The Case of Sub-Saharan African Countries.
|
| 264 |
|
1 |
|a Washington, D.C. :
|b International Monetary Fund,
|c 1989.
|
| 300 |
|
|
|a 1 online resource (57 pages)
|
| 490 |
1 |
|
|a IMF Working Papers
|
| 500 |
|
|
|a <strong>Off-Campus Access:</strong> No User ID or Password Required
|
| 500 |
|
|
|a <strong>On-Campus Access:</strong> No User ID or Password Required
|
| 506 |
|
|
|a Electronic access restricted to authorized BRAC University faculty, staff and students
|
| 520 |
3 |
|
|a This paper analyzes the causes of growth of Africa's debt burden, and discusses the factors that induced African countries to seek external loans as well as the factors affecting the supply of external financing. The paper studies the development of some measures of debt burden for different categories of African debtors, and arrives at a hypothesis regarding feasible levels of debt and debt service ratios. In a final section, the paper discusses the options for debt relief using a simulation of payments ability.
|
| 538 |
|
|
|a Mode of access: Internet
|
| 830 |
|
0 |
|a IMF Working Papers; Working Paper ;
|v No. 1989/071
|
| 856 |
4 |
0 |
|z Full text available on IMF
|u http://elibrary.imf.org/view/journals/001/1989/071/001.1989.issue-071-en.xml
|z IMF e-Library
|